000 00732cam a22002533a 4500
001 39757
003 PGUSA
005 20140828083903.0
008 120522s2012||||xxu|||||s|||||000 | eng d
040 _aPGUSA
_beng
042 _adc
100 1 _aBangs, John Kendrick,
_d1862-1922
245 1 0 _aHalf-Hours with Jimmieboy
_h[electronic resource] /
_cJohn Kendrick Bangs
260 _bProject Gutenberg,
_c2012
506 _aPublic domain in the USA.
516 _aElectronic text
700 1 _aNewell, Peter,
_d1862-1924
700 1 _aRichards, J. T.
700 1 _aJohnson, Charles Howard
700 1 _aVerbeck, Frank
830 0 _aProject Gutenberg
_v39757
856 4 0 _uhttp://www.gutenberg.org/ebooks/39757
942 _cEB
999 _c269010
_d269010